00237nam a2200097Ia 4500008004100000100001600041245003400057260002200091300000800113650001800121190216s9999||||xx |||||||||||||| ||und|| aMan Mohan S 2aA Dome Of Many Coloured Glass bKalyani Pubc1977 a160 aEnglish Essay